000 00805nam a2200241Ia 4500
003 OSt
005 20220926021248.0
006 a|||||r|||| 00| 0
007 ta
008 220923b |||||||| |||| 00| 0 eng d
037 _cGeneral Book
040 _aRTL
_cRTL
_beng
041 _2eng
_aeng
082 _aV1N45,93:3:(X9:5)a.N67r, K7/UN
110 _aUNITED NATIONS, ECONOMIC AND SOCIAL AFFAIRS (Department of -)
245 0 _aBibliography of industrial and distributive-trade statistics.
260 _aNew York
_bUN
_c1967
300 _aiii,139p.
_ccm.
490 _aStatistical papers series M;36
700 _aUNITED NATIONS, ECONOMIC AND SOCIAL AFFAIRS (Department of -)
942 _hV1N45,93:3:(X9:5)a.N67r, K7/UN
_cGB
_2CC
999 _c636300
_d636300